000 01147cam a2200229 4500
001 J128964
008 050307n1922 000 0 eng u
035 _a(Sirsi) u128964
041 _aeng
050 _a720
_c18
100 _aForrest, G. Topham
245 _aSurvey of London volume eight
_bthe parish of St Leonard, Shorditch
260 _aLondon
_bBatsford
_c1922
300 _axvi, 211p.
_bill.
_c30cm.
490 _aSurvey of London Main Series
_v8
520 _aThis volume of the "Survey of London", English Heritage's detailed architectural and topographical study, describes buildings in Hoxton and Shoreditch, (many which have been demolished or rebuilt), explaining how they came into being and outlining their significance and historical associations. This earlier volume is highly selective and includes few buildings erected after 1800. Includes photographs and maps together with plans, sections and elevations of selected buildings.
590 _aSOL
690 _aBUILT ENVIRONMENT-CONSTRUCTION DESIGN
700 _aBird, James
_cSir
_d1863-1925
_xGeneral Editor
700 _aNorman, Philip
_xGeneral Editor
942 _n0
999 _c104052
_d104052